| 000 | 00460nam a2200181Ia 4500 | ||
|---|---|---|---|
| 001 | 7786 | ||
| 005 | 20260306160521.0 | ||
| 008 | 260306t2022||||xx |||||||||||||| ||spa|| | ||
| 041 | _aESP | ||
| 082 |
_a362.10985 _bL91 |
||
| 100 |
_aLossio, Jorge, _eAUT |
||
| 245 | 0 | _aPandemias y salud pública. Historias de cuarentenas y vacunaciones | |
| 260 | _c2022 | ||
| 300 |
_a180 páginas : _c21 cm. |
||
| 650 | _aGEN | ||
| 654 | _aCPS | ||
| 942 |
_cLIB _dJUS _fJUS _2ddc _n |
||
| 999 |
_c7786 _d7786 |
||